Регионална библиотека "Любен Каравелов" - Русе

Рапунцел и разбойникът: Вълшебна коса (Запис номер 170179)

MARC детайли
000 -Лидер
Контролно поле с фиксирана дължина 01446nam a2200349 a 4500
003 - Код на организацията, давaща контролен номер
Контролно поле BLK
005 - Дата и час на последна редакция
Контролно поле 20250611172643.0
008 - Елементи от данни с фиксирана дължина
fixed length control field 180411b bul|||||r ||||||| ||bul||
010 ## - Наследен системен номер
LC control number KNG00178290000
020 ## - Международен стандартен номер на книга ISBN
Международен стандартен номер на книга ISBN 9789542711988
040 ## - Източник на каталожния запис
Идентификатор на билиотеката - собственик на записа BLK
041 ## - Код за език
Код за езика на текст/звукозапис или на отделно заглавие Български
Код за езика КДБФ Български
072 #7 - Код за тематичната категория
Код организация bullib
Код за тематична категория Н86
Текст Детска отраслова литература Н
080 ## - УДК
Текстов определител УДК Издания за деца и юноши. Книжки-картинки. Читанки. Вж и 372.4
УДК код - определител по УДК 087.5
УДК - код + определител 087.5
139 ## - Редно поле
Редна дума Рапунцел и разбойникът: Вълшебна коса
Авторски знак Рап - Р 37
245 10 - Сведения за заглавието
Заглавие Рапунцел и разбойникът: Вълшебна коса
Подзаглавни данни Чети и реди пъзели с Рапунцел : Приказки с пъзели
257 ## - Страна на издаване
Страна на създаване/издаване Съединени американски щати
260 ## - Област на издателските данни
Име на издателя, разпространителя и проч. Егмонт България
Година на издаване 2014
Печатница Отпеч. в Китай
Място на издаване, разпространение и проч. София
300 ## - Физическа характеристика
Страници 8 с.
Илюстрации и др. с цв. ил.
Размери/Мащаб 19Х23 см
380 ## - Жанр
Жанр Детска худож. лит.
490 ## - СЕРИИ (Колекции)
Име на серия Disney Принцеса
9 (RLIN) 202217
500 ## - Общи забележки
Забележка Кор. опис. - Ориг. загл.: Tangled puzzle book. - Кн. е отпеч. на ламиниран картон.
653 ## - Ключова дума – ненормативна
Ключова дума пъзели
653 ## - Ключова дума – ненормативна
Ключова дума книги-игри
852 ## - Местоположение
Форматна сигнатура Цб 275441
856 4# - Електронен адрес и достъп
Електронен формат pdf - файл
856 4# - Електронен адрес и достъп
Електронен формат pdf - файл
999 ## - СИСТЕМНИ КОНТРОЛНИ НОМЕРА
Koha biblionumber 170179
Koha biblioitemnumber 170179
942 ## - АРТИКУЛИ
Вид на библиотечния материал Книги
Скрит в OPAC Не
Периодичен библиозапис Да
Koha issues (borrowed), all copies 13
944 ## - СЪЗДАВАНЕ И РЕДАКЦИЯ на ЗАПИСА
Създаване/Редакция Създаване
Дата на регистрацията/редакция 16.07.2015
Служител, извършил регистрацията/редакцията 30551
Статус, дата на статуса Бояна Костадинова
944 ## - СЪЗДАВАНЕ И РЕДАКЦИЯ на ЗАПИСА
Създаване/Редакция Редакция
Дата на регистрацията/редакция 19.11.2015
Служител, извършил регистрацията/редакцията Геновева_Генчева
999 ## - СИСТЕМНИ КОНТРОЛНИ НОМЕРА
Koha biblioitemnumber 170179
Наличности
Код за отписване Код за изгубен артикул Код за повреда Коз за рестрикции Код за отдаване Артикулен № Име на библиотеката - собственик Име на библиотеката, в която се намира в момента Статус (Текущо местоположение) Дата на вписване в системата Местоположение - отдел Цена в лева Инвентарен номер Систематично азбучна сигнатура Баркод Номер на екземпляра Цена в евро Служебна бележка Служебен тип на артикула Източник на класификационната схема
  Не е изгубен Не е повреден без рестрикции ползва се в читалня 288167 Регионална библиотека "Любен Каравелов" Русе Регионална библиотека "Любен Каравелов" Русе Хранилище 2015-07-16 Хранилище 9.90 120000790101 Цб 275441 120000790101 1 5.06 Дост: Dp Вид: Д N: 10 Дата: 24.02.2015 Книги  
  Не е изгубен Не е повреден без рестрикции заемане за дома 882152 Регионална библиотека "Любен Каравелов" Русе Регионална библиотека "Любен Каравелов" Русе Детски отдел 2022-04-19 Детски отдел 9.90   087.5/Р 37 120000871255   5.06   Книги Universal Decimal Classification
Vip Innovations Ltd, Rousse, Bulgaria 2025